African Flags with Stars - Statistics

General Stats
  • This quiz has been taken 43 times
    27 since last reset
  • The average score is 21 of 26
Answer Stats
Picture Answer % Correct
Algeria
100%
Ethiopia
100%
Ghana
100%
Libya
100%
Tunisia
100%
Angola
91%
Burkina Faso
91%
Liberia
91%
Morocco
91%
Mozambique
91%
Somalia
91%
Cameroon
82%
Central African Republic
82%
Comoros
82%
D. R. Congo
82%
Mauritania
82%
Senegal
82%
South Sudan
82%
Zimbabwe
82%
Burundi
73%
Equatorial Guinea
73%
Guinea-Bissau
73%
Togo
64%
Cape Verde
55%
Djibouti
55%
Sao Tome & Principe
55%
No matching quizzes found
Score Distribution
Percent of People with Each Score
Percentile by Number Answered
Your Score History
You have not taken this quiz since the last reset